000 00768nam a22002297a 4500
005 20240530110924.0
008 220214s2007 ua g 000 0 ara d
017 _bمصر. دار الكتب
020 _a995328038
040 _aEG-CaGPL
_cEG-CaGPL
082 0 4 _221
_a909 /
_bج ف
100 0 _aروجيه غارودى
245 _aفى سبيل حوار الحضارات /
_cغارودى ، روجيه ؛ تعريب عادل العوا
250 _aط. 1
260 _aبيروت :
_bعويدات للنشر والطباعة،
_c2007
300 _a230 ص. ؛
_c24 سم
650 0 7 _2qrmak
_aصراع الحضارات
650 0 7 _2qrmak
_aروجيه غارودى
651 _2qrmak
942 _2ddc
_cBK
999 _c66537
_d66537